| 000 | 00560cam a2200145 4500500 | ||
|---|---|---|---|
| 005 | 20260208002333.0 | ||
| 041 | _afre | ||
| 042 | _adc | ||
| 100 | 1 | 0 |
_aNaepels, Michel _eauthor |
| 245 | 0 | 0 | _aMonique Jeudy-Ballini & Bernard Juillerat, eds, People and Things. Social Mediations in Oceania, Durham, North Carolina, Carolina Academic Press, 2002 |
| 260 | _c2005. | ||
| 500 | _a37 | ||
| 786 | 0 | _nL'Homme | 173 | 1 | 2005-01-01 | p. 199c-283c | 0439-4216 | |
| 856 | 4 | 1 | _uhttps://shs.cairn.info/revue-l-homme-2005-1-page-199c?lang=fr&redirect-ssocas=7080 |
| 999 |
_c1645915 _d1645915 |
||